Estadísticas para Países Asiáticos que terminan en "IA"

Haz click aquí para intentar la prueba.

Estadísticas generales

  • Esta prueba ha sido intentada 100 veces
  • La puntuación promedio es 8 de 10

Estadísticas de respuestas

País% Correcto
India
93%
Indonesia
93%
Tailandia
87%
Armenia
84%
Siria
84%
Malasia
82%
Mongolia
81%
Jordania
80%
Georgia
79%
Turquía
79%

Distribución de puntuación

Porcentaje por número respondido

Porcentaje de gente con cada puntuación

Historial de tus puntuaciones

No has intentado esta prueba.